[Event "GER Pfingstopen U12"]
[Site "Playchess.com INT"]
[Date "2020.06.02"]
[Round "5"]
[White "Jumah, Shayan"]
[Black "Butusov, Maxim"]
[Result "1-0"]
[WhiteElo "1620"]
[BlackElo "1620"]
[PlyCount "63"]
[EventDate "2020.06.02"]
[EventType "swiss (blitz)"]
[EventRounds "11"]
[EventCountry "GER"]
[SourceTitle "CBM 197 Extra"]
[Source "ChessBase"]
[SourceDate "2020.09.30"]
[SourceVersion "1"]
[SourceVersionDate "2020.09.30"]
[SourceQuality "1"]

1. e4 e5 2. Nf3 Nc6 3. Bb5 d6 4. d4 exd4 5. Nxd4 Nge7 6. Nxc6 Nxc6 7. Be3 a6 8. Ba4 b5 9. Bb3 Be7 10. 0-0 0-0 11. Nd2 a5 12. Re1 Bf6 13. c3 Be5 14. Nf3 Bg4 15. h3 Bxf3 16. Qxf3 Qf6 17. Rad1 Qxf3 18. gxf3 Rfe8 19. Kg2 a4 20. Bc2 Re6 21. f4 Rg6+ 22. Kf3 Bf6 23. e5 dxe5 24. Bxg6 fxg6 25. fxe5 Nxe5+ 26. Kf4 Rf8 27. Bc5 Rf7 28. Ke4 Nc4 29. Kd5 Nb6+ 30. Kc6 Bg5 31. Re8+ Rf8 32. Rxf8# 1-0

[Event "GER-chT U14"]
[Site "Magdeburg"]
[Date "2018.12.29"]
[Round "6.4"]
[White "Franz, Theodor Franz"]
[Black "Butusov, Maxim"]
[Result "1-0"]
[WhiteElo "1451"]
[BlackElo "957"]
[PlyCount "85"]
[EventDate "2018.12.27"]
[EventType "team-swiss"]
[EventRounds "7"]
[EventCountry "GER"]
[SourceTitle "CBM 188 Extra"]
[Source "ChessBase"]
[SourceDate "2019.02.26"]
[SourceVersion "1"]
[SourceVersionDate "2019.02.26"]
[SourceQuality "1"]
[WhiteTeam "Berlin Mattnetz"]
[BlackTeam "Brackel"]
[WhiteTeamCountry "GER"]
[BlackTeamCountry "GER"]

1. e4 e5 2. Nf3 Nc6 3. Bc4 Nf6 4. d4 exd4 5. 0-0 Bc5 6. e5 d5 7. exf6 dxc4 8. Re1+ Be6 9. Ng5 Qxf6 10. Nxe6 fxe6 11. Qh5+ Qg6 12. Qxc5 0-0-0 13. Qxc4 e5 14. Nd2 h5 15. h3 Rh7 16. Ne4 Rdh8 17. Ng5 Rh6 18. Nf7 R8h7 19. Bxh6 gxh6 20. Nxe5 Nxe5 21. Rxe5 Rg7 22. Qe6+ Kd8 23. Qxg6 Rxg6 24. Rae1 Rg8 25. Rxh5 b6 26. Rxh6 c5 27. Rh7 a6 28. Ra7 c4 29. Ra8+ Kd7 30. Rxg8 d3 31. Rd1 b5 32. cxd3 cxd3 33. Rxd3+ Kc6 34. h4 b4 35. h5 a5 36. h6 a4 37. h7 a3 38. bxa3 bxa3 39. h8Q Kc5 40. Qc3+ Kb6 41. Rb8+ Ka7 42. Qc7+ Ka6 43. Qb6# 1-0